Szczegóły MARC21

Stopień opanowania cichego czytania a powodzenie dziecka w nauce szkolnej /

003 -Nazwa inst., której nr kontr. jest w polu 001 [,]
    • @
    • Nazwa instytucji, której n kontrolny jest w polu 001
    • NUKAT
005 -DATA I CZAS OSTATNIEJ MODYFIKACJI [,]
    • @
    • pole kontrolne
    • 20241231103612.0
040 -Instytucja sporządzająca opis [ , ]
    • a
    • Instytucja, która sporządziła opis (NP)
    • LUBL U/GA
    • c
    • Instytucja, która sporządziła rekord (NP)
    • LUBL U/GA
    • d
    • Instytucja, która zmodyfikowała rekord (P)
    • LUBL U/bg
    • d
    • Instytucja, która zmodyfikowała rekord (P)
    • LUBL U/ABs
    • d
    • Instytucja, która zmodyfikowała rekord (P)
    • KR 93/MPs
942 -Rodzaj dokumentu [ , ]
    • c
    • Rodzaj dokumentu
    • Książka
100 -Hasło główne - nazwa osobowa [1, ]
    • a
    • Nazwa osobowa (NP)
    • Warsicka, Aurelia.
    • 9
    • KHW
    • 27797
245 -Strefa tytułu i oznaczenia odpowiedzialności [1,0]
    • a
    • Tytuł
    • Stopień opanowania cichego czytania a powodzenie dziecka w nauce szkolnej / Find
    • c
    • Pozostałe elementy strefy tytułu i oznaczenia odpowiedzialności (NP)
    • Aurelia Warsicka.
260 -Strefa adresu wydawniczego [ , ]
    • a
    • Miejsce wydania (P)
    • Poznań :
    • b
    • Nazwa wydawcy (P)
    • Wydaw. Naukowe UAM,
    • c
    • Data wydania (P)
    • 1977.
300 -Strefa opisu fizycznego [ , ]
    • a
    • Określenie formy książki i/lub objętość (NP)
    • 148 s., [1] k. tabl. złoż :
    • b
    • Oznaczenie ilustracji (NP)
    • wykr. ;
    • c
    • Format (NP)
    • 24 cm.
336 -Typ zawartości [ , ]
    • a
    • Termin opisujący typ zawartości
    • Tekst
    • b
    • Kod określający zawartość
    • txt
    • 2
    • Źródło (terminu i kodu)
    • rdacontent
337 -Typ mediów [ , ]
    • a
    • Tryb odtwarzania
    • Bez urządzenia pośredniczącego
    • b
    • Kod typu mediów
    • n
    • 2
    • Źródło (terminu i kodu)
    • rdamedia
338 -Typ/rodzaj nośnika [ , ]
    • a
    • Hasło opisujące typ nośnika
    • Wolumin
    • b
    • Kod typu nośnika
    • nc
    • 2
    • Źródło (terminu i kodu)
    • rdacarrier
490 -Strefa serii i książki wielotomowej - forma nie do wyszukiwania [1, ]
    • a
    • Tytuł (P)
    • Psychologia-Pedagogika / Uniwersytet im. Adama Mickiewicza w Poznaniu ; Find
    • v
    • Numeracja (P)
    • nr 37
830 -Hasło dodatkowe serii i opisu książki wielotomowej - tytuł ujednolicony/tytuł [ ,0]
    • a
    • Tytuł ujednolicony/tytuł (NP)
    • Psychologia i Pedagogika - Uniwersytet im. Adama Mickiewicza w Poznaniu
    • x
    • ISSN
    • 0083-4254
    • v
    • Oznaczenie tomu (NP)
    • nr 37
    • 9
    • KHW
    • 10543
504 -Uwaga dot. bibliogr. załącznikowej [ , ]
    • a
    • Uwaga dot. bibliografii załącznikowej
    • Bibliogr. s. 141-146.
080 -Uniwersalna Klasyfikacja Dziesiętna [ , ]
    • 2
    • Identyfikator wydania tablic
    • UDC-P058
    • 9
    • UKD
    • 2445
    • a
    • Symbol klasyfikacji
    • 159.95
    • b
    • Dopowiedzenie
    • Wyższe procesy poznawcze. Inteligencja.
    • 4
    • UKD2
    • 9150
    • x
    • Poddział wspólny
    • -053.6
    • c
    • Dopowiedzenie poddz. wspólnego
    • -Młodzież. Młodociani. Nieletni.
080 -Uniwersalna Klasyfikacja Dziesiętna [ , ]
    • 2
    • Identyfikator wydania tablic
    • UDC-P058
    • 9
    • UKD
    • 3876
    • a
    • Symbol klasyfikacji
    • 37.091.3::005.336.1
    • b
    • Dopowiedzenie
    • Efektywność nauczania.
650 -Hasło przedmiotowe [ ,7]
    • a
    • Hasło przedmiotowe
    • Czytanie
    • x
    • Określnik rzeczowy
    • aspekt psychologiczny.
    • 2
    • Źródło terminu
    • kaba
    • 9
    • KHW
    • 105630
650 -Hasło przedmiotowe [ ,7]
    • a
    • Hasło przedmiotowe
    • Czytanie
    • x
    • Określnik rzeczowy
    • badania
    • z
    • Określnik geograficzny
    • Polska.
    • 2
    • Źródło terminu
    • kaba
    • 9
    • KHW
    • 406479
650 -Hasło przedmiotowe [ ,7]
    • a
    • Hasło przedmiotowe
    • Czytanie ciche
    • x
    • Określnik rzeczowy
    • badania.
    • 2
    • Źródło terminu
    • kaba
    • 9
    • KHW
    • 461981
980 -Symbol UKD [ , ]
    • a
    • UKD
    • 159.95-053.6:37.091.3::005.336.1
710 -Hasło dodatkowe - nazwa ciała zbiorowego [2, ]
    • a
    • Nazwa ciała zbiorowego lub nazwa geograficzna jako pierwszy element (NP)
    • Uniwersytet im. Adama Mickiewicza (Poznań).
    • b
    • Nazwa jednostki podrzędnej (P)
    • Wydawnictwo Naukowe.
    • 4
    • Kod relacji
    • pbl
    • 9
    • KHW
    • 52821
931 -Powiązanie tyt. z wydaw. ciągłym [ , ]
    • a
    • Powiązanie tytułówki z wydaw. ciągłym
    • PATRZ WYDAWNICTWO CIĄGŁE
    • z
    • Numer rek. powiązanego
    • 119467